LEADER 00924nam0-22003011i-450 001 990004890640403321 005 20210617151239.0 035 $a000489064 035 $aFED01000489064 035 $a(Aleph)000489064FED01 035 $a000489064 100 $a19990530d1912----km-y0itay50------ba 101 0 $aita 105 $ay-------001yy 200 1 $a<>neologismi$ebuoni e cattivi$epiù frequenti nell' uso odiernobuoni e cattivi$elibro compilato per i giovani italiani$fda Giuseppe Rigutini 205 $aEd. stereot. 210 $aFirenze$cBarbèra$d1912 215 $aXXXVII, 197 p.$d20 cm 700 1$aRigutini,$bGiuseppe$f<1829-1903>$0349554 801 0$aIT$bUNINA$gRICA$2UNIMARC 901 $aBK 912 $a990004890640403321 952 $a3/XIV BB 46$bR. Bibl. 7946/4146$fFLFBC 952 $aBIB. BAT.237$b4493$fBAT 959 $aFLFBC 959 $aBAT 996 $aNeologismi$9520515 997 $aUNINA LEADER 01095nac# 22002291i 450 001 UON00063711 005 20231205102320.310 100 $a20020107f1939 |0itac50 ba 102 $aUS 105 $a|||| ||||| 110 $ab|||||||||| 200 1 $aAmerican Council of Learned Societies 210 $aBaltimore$cWaverly press$d19..-. v. ; 26 cm 463 1$1001UON00025862$12001 $aˆThe ‰history of the former Han dynasty$fPan Ku$ga critical transl. with annot. by Homer H. Dubs$1205 $aBaltimore : Waverly Press$b1938-55$1210 $a3 v.$a26 cm$1215 $aCont. v. 1: First division, the Imperial Annals, chapters I-V$d2: First division, the Imperial Annals chapters, VI-X$d3: Imperial Annals XI and XII and the memoir of Wang Mang 620 $aUS$dWashington$3UONL000087 686 $aUS$cSTATI UNITI - PERIODICI$2A 686 $aPERIODICI NON ATTIVI$cPERIODICI - NON ATTIVI$2A 712 02$aAmerican Council of Learned Societies$cWashington$3UONV009842 801 $aIT$bSOL$c20240220$gRICA 912 $aUON00063711 996 $aAmerican Council of Learned Societies$91321769 997 $aUNIOR